| 000 | 01159nam a2200289Ia 4500 | ||
|---|---|---|---|
| 005 | 20260324140607.0 | ||
| 008 | 008 260324s9999 xx 000 0 eng d | ||
| 020 | _a9781315151052 | ||
| 037 | _aEBOOK | ||
| 040 | _aCRL | ||
| 040 | _beng | ||
| 040 | _cCRL | ||
| 041 | _2eng | ||
| 041 | _aeng | ||
| 084 | _qCRL | ||
| 100 |
_aPhilippe Baveye; Jean-Yves Parlange; B.A. Stewart; B.A. Stewart; Chi-Hua Huang; M. Vauclin; Francois Bartoli; Charles W. Boast; G. M. Bernston; G. K. Bowman; H.W.G. Booltink; J. W. Crawford; S. Crestana; Michel. Dubuit; C. Fuentes; Veronique. Gomendy; Ryusuke Hatano; Randel Haverkamp; T. A. Hewett; Vicky J. Homer; J. Lynch; F. J. Molz; S. P. Neuman; Sylvie. Niquet; Edith M. A. Perrier; A. N. Posadas; M. Rieu; Sieglinde Snapp; H. Van Damme; Herve. Vivier; an M. Young; Philippe Dutartre _91204993 |
||
| 245 | 0 | _aRevival: Fractals in Soil Science (1998) | |
| 245 | 0 | _bAdvances in Soil Science | |
| 260 | _bTaylor and Francis | ||
| 260 | _c1998 | ||
| 365 | _a | ||
| 365 | _b525 | ||
| 856 | _uhttp://www.taylorfrancis.com/books/9781315151052 | ||
| 942 | _cEBOOK | ||
| 999 |
_c1807217 _d1807217 |
||